[Event "IX IBCA World Team Ch. for the Blind an"]
[Site "Ohrid, North Macedonia"]
[Date "2022.06.28"]
[Round "1.2"]
[White "Began, Branko"]
[Black "Jandric, Damjan"]
[Result "0-1"]
[WhiteElo "1824"]
[BlackElo "2145"]
[PlyCount "26"]
[EventDate "2022.06.28"]
[EventType "team"]
[EventRounds "7"]
[EventCountry "MKD"]
[WhiteTeam "Croatia"]
[BlackTeam "Serbia"]
[WhiteTeamCountry "CRO"]
[BlackTeamCountry "SRB"]

1. d4 Nf6 2. Nf3 g6 3. Bf4 Bg7 4. h3 O-O 5. e3 d6 6. Be2 c5 7. O-O Qb6 8. Qc1
Nc6 9. c3 Bf5 10. b3 Rac8 11. dxc5 Qxc5 12. Nfd2 Nd5 13. e4 Nxf4 0-1

[Event "IX IBCA World Team Ch. for the Blind an"]
[Site "Ohrid, North Macedonia"]
[Date "2022.06.28"]
[Round "1.3"]
[White "Janjic, Stefan"]
[Black "Culjak, Miso"]
[Result "1-0"]
[WhiteElo "2144"]
[BlackElo "1675"]
[PlyCount "72"]
[EventDate "2022.06.28"]
[EventType "team"]
[EventRounds "7"]
[EventCountry "MKD"]
[WhiteTeam "Serbia"]
[BlackTeam "Croatia"]
[WhiteTeamCountry "SRB"]
[BlackTeamCountry "CRO"]

1. d4 e6 2. c4 Nf6 3. Nf3 Bb4+ 4. Bd2 Bxd2+ 5. Nbxd2 d5 6. e3 c6 7. Bd3 Nbd7 8.
O-O O-O 9. Qc2 Re8 10. cxd5 exd5 11. b4 a6 12. a4 Nf8 13. b5 axb5 14. axb5 Rxa1
15. Rxa1 Bd7 16. Ne5 cxb5 17. Qb3 Bc6 18. Bxb5 Bxb5 19. Qxb5 Qc7 20. Nb3 Rc8
21. h3 Qb8 22. Nc5 Qd6 23. Qxb7 Qc7 24. Ra7 Qxb7 25. Rxb7 Ne4 26. Nxe4 dxe4 27.
Nxf7 Rc1+ 28. Kh2 h6 29. Nd6 Rd1 30. Rb8 g6 31. Nxe4 Kg7 32. Rb7+ Kh8 33. Nf6
h5 34. d5 h4 35. Rf7 g5 36. d6 g4 1-0

[Event "IX IBCA World Team Ch. for the Blind an"]
[Site "Ohrid, North Macedonia"]
[Date "2022.06.28"]
[Round "1.4"]
[White "Drazetic, Novica"]
[Black "Bjelanovic, Mile"]
[Result "0-1"]
[WhiteElo "1605"]
[BlackElo "2015"]
[PlyCount "90"]
[EventDate "2022.06.28"]
[EventType "team"]
[EventRounds "7"]
[EventCountry "MKD"]
[WhiteTeam "Croatia"]
[BlackTeam "Serbia"]
[WhiteTeamCountry "CRO"]
[BlackTeamCountry "SRB"]

1. e4 c5 2. c3 d5 3. exd5 Qxd5 4. d4 Nc6 5. Nf3 Bg4 6. Be2 cxd4 7. cxd4 e6 8.
Nc3 Bb4 9. O-O Qa5 10. Bd2 Nge7 11. a3 Bxc3 12. bxc3 O-O 13. h3 Bh5 14. Ne5
Bxe2 15. Qxe2 Nxe5 16. Qxe5 Qxe5 17. dxe5 Rfc8 18. Rfc1 Rc5 19. f4 Rac8 20. Rc2
Nd5 21. Rac1 Rc4 22. g3 h5 23. h4 R8c6 24. Kf2 Rb6 25. Ke2 Rb3 26. Kd3 Ra4 27.
Ra2 Rbxa3 28. Rxa3 Rxa3 29. Be1 b5 30. Kd4 Ne7 31. Kd3 b4 32. Kc2 bxc3 33. Bxc3
Nf5 34. Kb2 Ra4 35. Be1 Re4 36. Bf2 Kh7 37. Rc7 Kg6 38. Kb3 a6 39. Rc3 Re2 40.
Rc2 Rxc2 41. Kxc2 Ne7 42. Kd2 Kf5 43. Ke2 Kg4 44. Be1 Nf5 45. Kf2 Nxg3 0-1

[Event "IX IBCA World Team Ch. for the Blind an"]
[Site "Ohrid, North Macedonia"]
[Date "2022.06.28"]
[Round "1.1"]
[White "Mueller, Thorsten"]
[Black "Streltsov, Alexey"]
[Result "1/2-1/2"]
[WhiteElo "2056"]
[BlackElo "2229"]
[PlyCount "120"]
[EventDate "2022.06.28"]
[EventType "team"]
[EventRounds "7"]
[EventCountry "MKD"]
[WhiteTeam "Germany"]
[BlackTeam "Israel"]
[WhiteTeamCountry "GER"]
[BlackTeamCountry "ISR"]

1. d4 d5 2. Nf3 Nf6 3. Bf4 c5 4. e3 Nc6
5. Nbd2 Qb6 6. dxc5 Qxb2 7. Rb1 Qc3 8. Bb5 Bg4 9. O-O e6 10. Qc1 Bxc5 11. Rb3
Qa5 12. c4 Nd7 13. cxd5 exd5 14. Bd3 Nb4 15. Qc3 O-O 16. a3 Nc6 17. Qc2 Bxf3
18. Bxh7+ Kh8 19. Nxf3 Nf6 20. Bd3 b6 21. Ne5 Rac8 22. Qe2 Qa4 23. Rfb1 Nxe5
24. Bxe5 Qh4 25. Bxf6 gxf6 26. Bf5 Bd6 27. g3 Qg5 28. Bxc8 Rxc8 29. Qd3 Bc5 30.
Rd1 Rd8 31. Qe2 Kg7 32. Qf3 a5 33. Rbd3 Qg6 34. Rxd5 Rxd5 35. Qxd5 Bxa3 36. Qd3
Qxd3 37. Rxd3 Bb4 38. Rb3 Kg6 39. Rb1 Bc5 40. Kf1 Kf5 41. Ke2 Kg4 42. h4 f5 43.
Kd3 a4 44. Kc3 a3 45. Kb3 f4 46. exf4 Bxf2 47. Kxa3 f5 48. Rf1 Bxg3 49. Rh1
Bxf4 50. h5 Be5 51. h6 f4 52. h7 f3 53. h8=Q Bxh8 54. Rxh8 f2 55. Rg8+ Kf3 56.
Rf8+ Kg2 57. Rg8+ Kh1 58. Rf8 Kg2 59. Rg8+ Kh1 60. Rf8 Kg2 1/2-1/2

[Event "IX IBCA World Team Ch. for the Blind an"]
[Site "Ohrid, North Macedonia"]
[Date "2022.06.28"]
[Round "1.2"]
[White "Radovilsky, Yan"]
[Black "Dobierzin, Olaf"]
[Result "0-1"]
[WhiteElo "2094"]
[BlackElo "2007"]
[PlyCount "73"]
[EventDate "2022.06.28"]
[EventType "team"]
[EventRounds "7"]
[EventCountry "MKD"]
[WhiteTeam "Israel"]
[BlackTeam "Germany"]
[WhiteTeamCountry "ISR"]
[BlackTeamCountry "GER"]

1. d4 Nf6 2. c4 g6 3. Nc3 Bg7 4. g3 O-O 5. Bg2 d6 6. Nf3 c6 7. O-O Nbd7 8. e4
e5 9. h3 Re8 10. Be3 exd4 11. Nxd4 Nc5 12. Qc2 Qe7 13. Rfe1 a5 14. Rad1 a4 15.
f4 Nfd7 16. Bf2 Qd8 17. Nde2 Qc7 18. Rd2 Qa5 19. Rxd6 Nb6 20. Nd1 Qb4 21. e5
Bf5 22. Qc3 Qxc3 23. Nexc3 Nxc4 24. Rd4 Nb6 25. Ne3 Be6 26. Red1 Bf8 27. g4 Bc8
28. Nc4 Nxc4 29. Rxc4 Ra5 30. Rd2 Be7 31. Ne2 Be6 32. Rc3 Bxa2 33. Rd7 Nxd7 34.
Ng3 Bb4 35. Rd3 Bd5 36. Ne4 Bxe4 37. Bxe4 0-1

[Event "IX IBCA World Team Ch. for the Blind an"]
[Site "Ohrid, North Macedonia"]
[Date "2022.06.28"]
[Round "1.3"]
[White "Schellmann, Frank"]
[Black "Akman, Adi"]
[Result "0-1"]
[WhiteElo "2009"]
[BlackElo "2002"]
[PlyCount "80"]
[EventDate "2022.06.28"]
[EventType "team"]
[EventRounds "7"]
[EventCountry "MKD"]
[WhiteTeam "Germany"]
[BlackTeam "Israel"]
[WhiteTeamCountry "GER"]
[BlackTeamCountry "ISR"]

1. e4 e5 2. Nf3 Nc6 3. Bc4 Nf6 4. d3 Be7 5. O-O O-O 6. Re1 Qe8 7. a4 Kh8 8. Nc3
d6 9. h3 Ng8 10. Nd5 Bd8 11. d4 f5 12. exf5 Bxf5 13. dxe5 dxe5 14. Ne3 Bd7 15.
b3 Be7 16. Bb2 Rd8 17. Qe2 Bd6 18. Nf1 Qg6 19. Ng3 Rde8 20. Bd3 Qf6 21. Ne4 Qe7
22. Nfg5 Bf5 23. Qh5 Bg6 24. Qg4 Rf4 25. Qe2 Nb4 26. g3 Nxd3 27. cxd3 Rf5 28.
h4 Nf6 29. Nxf6 gxf6 30. Ne4 Bh5 31. Qe3 a6 32. d4 exd4 33. Bxd4 Be5 34. Bc5
Qf7 35. Rac1 Bf3 36. Nd2 Bc6 37. Qd3 Qg6 38. Nc4 b5 39. Nxe5 Rfxe5 40. Rxe5
Qxd3 0-1

[Event "IX IBCA World Team Ch. for the Blind an"]
[Site "Ohrid, North Macedonia"]
[Date "2022.06.28"]
[Round "1.4"]
[White "Agmon, Yonatan"]
[Black "Schulz, Gert"]
[Result "0-1"]
[WhiteElo "1697"]
[BlackElo "1931"]
[PlyCount "38"]
[EventDate "2022.06.28"]
[EventType "team"]
[EventRounds "7"]
[EventCountry "MKD"]
[WhiteTeam "Israel"]
[BlackTeam "Germany"]
[WhiteTeamCountry "ISR"]
[BlackTeamCountry "GER"]

1. Nf3 c5 2. c4 Nc6 3. g3 g6 4. Bg2 Bg7 5. e3 e5 6. Nc3 Nge7 7. O-O O-O 8. Rb1
d5 9. cxd5 Nxd5 10. Nxd5 Qxd5 11. b3 e4 12. Ne1 Rd8 13. Qe2 Ne5 14. f3 Bf5 15.
f4 Bg4 16. Qb5 a6 17. Qa4 Nf3+ 18. Bxf3 exf3 19. e4 Bd4+ 0-1

[Event "IX IBCA World Team Ch. for the Blind an"]
[Site "Ohrid, North Macedonia"]
[Date "2022.06.28"]
[Round "1.1"]
[White "Soundarya, Kumar Pradhan"]
[Black "Selkovski, Zarko"]
[Result "1-0"]
[WhiteElo "1782"]
[BlackElo "1967"]
[PlyCount "99"]
[EventDate "2022.06.28"]
[EventType "team"]
[EventRounds "7"]
[EventCountry "MKD"]
[WhiteTeam "India"]
[BlackTeam "North Macedonia"]
[WhiteTeamCountry "IND"]

1. d4 Nf6 2. c4 g6 3. Nc3 Bg7 4. e4 d6 5. Be2 O-O 6. Bg5 h6 7. Be3 Nc6 8. Nf3
e5 9. d5 Ne7 10. O-O Ng4 11. Bd2 f5 12. exf5 gxf5 13. Nh4 Nf6 14. f4 e4 15. h3
c6 16. Be3 cxd5 17. cxd5 Kh7 18. g3 Qa5 19. Bc4 a6 20. a3 Bd7 21. Ng2 b5 22.
Bb3 Be8 23. Bd4 Rc8 24. Qd2 Bf7 25. Ne3 Qd8 26. Kh1 Qd7 27. g4 Bg6 28. Rg1 Rg8
29. Rg2 h5 30. Rag1 Bh8 31. Bd1 Bf7 32. Be2 Ng6 33. g5 Ne8 34. Bxh8 Nxh8 35.
Nc2 Ng7 36. Nb4 Ra8 37. Nc6 Ng6 38. Rf1 Ne7 39. Nxe7 Qxe7 40. Qe3 Rae8 41. Rd1
h4 42. Rd4 Nh5 43. Bxh5 Bxh5 44. Rf2 Bg6 45. a4 bxa4 46. Rxa4 Bh5 47. Rxa6 Bf3+
48. Rxf3 exf3 49. Ra7 Qxa7 50. Qxa7+ 1-0

[Event "IX IBCA World Team Ch. for the Blind an"]
[Site "Ohrid, North Macedonia"]
[Date "2022.06.28"]
[Round "1.2"]
[White "Capanov, Mile"]
[Black "Kishan, Gangolli"]
[Result "1-0"]
[WhiteElo "1951"]
[BlackElo "2092"]
[PlyCount "36"]
[EventDate "2022.06.28"]
[EventType "team"]
[EventRounds "7"]
[EventCountry "MKD"]
[WhiteTeam "North Macedonia"]
[BlackTeam "India"]
[BlackTeamCountry "IND"]

1. e4 e6 2. d4 d5 3. exd5 exd5 4. Nf3 Nf6 5. c4 Bb4+ 6. Nc3 O-O 7. a3 Re8+ 8.
Be3 Bf8 9. Bd3 Be6 10. Qb3 c6 11. O-O Nbd7 12. Ne2 Nb6 13. a4 a5 14. cxd5 Nfxd5
15. Qc2 Qc7 16. Rad1 Rad8 17. Bd2 Nb4 18. Bxb4 axb4 1-0

[Event "IX IBCA World Team Ch. for the Blind an"]
[Site "Ohrid, North Macedonia"]
[Date "2022.06.28"]
[Round "1.3"]
[White "Marimuthu, K."]
[Black "Kostadinovski, Zoran"]
[Result "1/2-1/2"]
[WhiteElo "1626"]
[BlackElo "1913"]
[PlyCount "107"]
[EventDate "2022.06.28"]
[EventType "team"]
[EventRounds "7"]
[EventCountry "MKD"]
[WhiteTeam "India"]
[BlackTeam "North Macedonia"]
[WhiteTeamCountry "IND"]

1. d4 d5 2. c4 e6 3. Nc3 Nf6 4. cxd5 Nxd5 5. e4 Nxc3 6. bxc3 c5 7. d5 exd5 8.
exd5 Bd6 9. Nf3 O-O 10. Be2 Nd7 11. O-O h6 12. Qc2 Nf6 13. c4 Qc7 14. h3 Bd7
15. a4 Qc8 16. Bb2 Re8 17. Ra3 Nh5 18. Bd3 Nf4 19. Nh4 Qd8 20. Bh7+ Kf8 21. Rg3
Ne2+ 22. Kh1 Bxg3 23. Ng6+ fxg6 24. fxg3+ Bf5 25. Bxg6 Nxg3+ 26. Kg1 Ne2+ 27.
Kh1 Ng3+ 28. Kg1 Kg8 29. Bxf5 Nxf5 30. Qxf5 Rf8 31. Qe6+ Kh7 32. Qe4+ Kh8 33.
Qg6 Rxf1+ 34. Kxf1 Qf8+ 35. Kg1 Kg8 36. Be5 Qf7 37. Qg3 Rd8 38. Kh2 Rd7 39. Bf4
Kh7 40. a5 Qf5 41. Qe3 g5 42. Bg3 h5 43. Qe2 Qg6 44. Bf2 b6 45. a6 h4 46. g3
hxg3+ 47. Bxg3 Rf7 48. d6 Rd7 49. Kg2 Qf5 50. Qh5+ Kg7 51. Qe2 Kg6 52. Qe8+ Qf7
53. Qe4+ Qf5 54. Qe8+ 1/2-1/2

[Event "IX IBCA World Team Ch. for the Blind an"]
[Site "Ohrid, North Macedonia"]
[Date "2022.06.28"]
[Round "1.4"]
[White "Atanasov, K.Sande"]
[Black "Swapanil, Shah"]
[Result "0-1"]
[WhiteElo "1853"]
[BlackElo "1652"]
[PlyCount "61"]
[EventDate "2022.06.28"]
[EventType "team"]
[EventRounds "7"]
[EventCountry "MKD"]
[WhiteTeam "North Macedonia"]
[BlackTeam "India"]
[BlackTeamCountry "IND"]

1. e4 e5 2. Nf3 Nc6 3. Bc4 Bc5 4. c3 Nf6 5. d3 d6 6. O-O h6 7. h3 O-O 8. Re1
Bb6 9. Bb3 Be6 10. Bc2 Ne7 11. Nbd2 Ng6 12. Nf1 Re8 13. Ng3 c6 14. Be3 Bxe3 15.
fxe3 d5 16. exd5 cxd5 17. Qe2 Qc7 18. Qf2 a6 19. Re2 Rad8 20. Rd2 Bc8 21. Rf1
Be6 22. a3 b5 23. Kh1 Re7 24. Ne2 Nh5 25. g4 Nf6 26. Rg1 Bc8 27. Ng3 Bb7 28.
Nf5 Ree8 29. Re2 e4 30. N3d4 exd3 31. Bxd3 0-1

[Event "IX IBCA World Team Ch. for the Blind an"]
[Site "Ohrid, North Macedonia"]
[Date "2022.06.29"]
[Round "2.1"]
[White "Cajzler, Hinko"]
[Black "Selkovski, Zarko"]
[Result "1/2-1/2"]
[WhiteElo "2081"]
[BlackElo "1967"]
[PlyCount "74"]
[EventDate "2022.06.28"]
[EventType "team"]
[EventRounds "7"]
[EventCountry "MKD"]
[WhiteTeam "Croatia"]
[BlackTeam "North Macedonia"]
[WhiteTeamCountry "CRO"]

1. e4 c5 2. Nf3 e6 3. d4 cxd4 4. Nxd4 a6 5. c4 Nf6 6. Nc3 Qc7 7. Qd3 Nc6 8.
Nxc6 dxc6 9. Be2 e5 10. h3 Be7 11. Be3 O-O 12. O-O Be6 13. Rfd1 Rfd8 14. Qc2 b5
15. Rxd8+ Rxd8 16. Nd1 b4 17. b3 c5 18. Bg5 Rd4 19. Bxf6 Bxf6 20. Ne3 Bg5 21.
Nd5 Bxd5 22. cxd5 a5 23. Rd1 Rxd1+ 24. Qxd1 Qd6 25. Qd3 Bd8 26. Qb5 Kf8 27. Bg4
g6 28. Kf1 Ke7 29. Ke2 Qc7 30. Kd3 h5 31. Bf3 Qb6 32. Kc4 Qxb5+ 33. Kxb5 Kd6
34. g3 h4 35. Bg2 f5 36. Kc4 fxe4 37. Bxe4 g5 1/2-1/2

[Event "IX IBCA World Team Ch. for the Blind an"]
[Site "Ohrid, North Macedonia"]
[Date "2022.06.29"]
[Round "2.3"]
[White "Culjak, Miso"]
[Black "Kostadinovski, Zoran"]
[Result "0-1"]
[WhiteElo "1675"]
[BlackElo "1913"]
[PlyCount "76"]
[EventDate "2022.06.28"]
[EventType "team"]
[EventRounds "7"]
[EventCountry "MKD"]
[WhiteTeam "Croatia"]
[BlackTeam "North Macedonia"]
[WhiteTeamCountry "CRO"]

1. d4 d5 2. Nf3 Nf6 3. Bf4 e6 4. e3 c5 5. c3 Nc6 6. Bd3 Nh5 7. Bg3 Nxg3 8. hxg3
h6 9. Nbd2 Bd6 10. a3 a5 11. Bb5 Bd7 12. Qc2 Rc8 13. Qa4 b6 14. g4 g5 15. O-O-O
Kf8 16. Kb1 Nb8 17. Bxd7 Nxd7 18. Nh2 c4 19. e4 b5 20. Qc2 b4 21. Ka1 bxa3 22.
bxa3 Bxa3 23. Rb1 Rb8 24. Nhf3 Kg7 25. exd5 exd5 26. Qf5 Rxb1+ 27. Rxb1 Nf6 28.
Rb7 Qc8 29. Qxc8 Rxc8 30. Ne5 Rf8 31. f3 Bd6 32. f4 gxf4 33. Ndf3 Ne4 34. Rd7
Bxe5 35. Nxe5 Nxc3 36. Kb2 Nd1+ 37. Kc2 Ne3+ 38. Kd2 Kg8 0-1

[Event "IX IBCA World Team Ch. for the Blind an"]
[Site "Ohrid, North Macedonia"]
[Date "2022.06.29"]
[Round "2.4"]
[White "Dimov, Trajce"]
[Black "Drazetic, Novica"]
[Result "0-1"]
[WhiteElo "1617"]
[BlackElo "1605"]
[PlyCount "110"]
[EventDate "2022.06.28"]
[EventType "team"]
[EventRounds "7"]
[EventCountry "MKD"]
[WhiteTeam "North Macedonia"]
[BlackTeam "Croatia"]
[BlackTeamCountry "CRO"]

1. e4 e5 2. Nf3 Nc6 3. Bc4 Nf6 4. d3 Be7 5. O-O d6 6. h3 O-O 7. c3 Na5 8. Bb5
a6 9. Ba4 b5 10. Bc2 c5 11. Nbd2 Nc6 12. Re1 h6 13. Nf1 Be6 14. Ng3 Re8 15. Bd2
Bf8 16. Nh2 Qd7 17. f4 exf4 18. Bxf4 Qc7 19. Nf3 Rad8 20. d4 cxd4 21. cxd4 Bc8
22. Qd3 Nb4 23. Qd2 Qxc2 24. Qxb4 d5 25. Qd2 Qxd2 26. Nxd2 dxe4 27. Ndxe4 Nxe4
28. Nxe4 Rxd4 29. Nf6+ gxf6 30. Rxe8 Rxf4 31. Rxc8 Kg7 32. Rc6 a5 33. Rf1 Rd4
34. Rcxf6 Rd7 35. R6f5 Rb7 36. Rd1 a4 37. Rdd5 b4 38. Rd3 a3 39. Rg3+ Kh7 40.
bxa3 bxa3 41. Kf1 Rd7 42. Ke2 Re7+ 43. Kd3 Rd7+ 44. Ke4 Rb7 45. Kd3 Rd7+ 46.
Kc4 Rc7+ 47. Kb3 Rb7+ 48. Ka4 Ra7+ 49. Ra5 Rd7 50. Ra8 Rd4+ 51. Kb3 Bd6 52. Kc3
Be5 53. Rgg8 Rd8+ 54. Kc2 Rxg8 55. Rxa3 Rxg2+ 0-1

[Event "IX IBCA World Team Ch. for the Blind an"]
[Site "Ohrid, North Macedonia"]
[Date "2022.06.29"]
[Round "2.1"]
[White "Streltsov, Alexey"]
[Black "Pulvett Marin, Daniel Eduardo"]
[Result "0-1"]
[WhiteElo "2229"]
[BlackElo "2523"]
[PlyCount "80"]
[EventDate "2022.06.28"]
[EventType "team"]
[EventRounds "7"]
[EventCountry "MKD"]
[WhiteTeam "Israel"]
[BlackTeam "Spain"]
[WhiteTeamCountry "ISR"]
[BlackTeamCountry "ESP"]

1. d4 Nf6 2. c4 c5 3. d5 d6 4. Nc3 g6 5. e4 Bg7 6. Nf3 O-O 7. Be2 e6 8. O-O
exd5 9. exd5 Bf5 10. Bd3 Bg4 11. Re1 Nbd7 12. Bf4 Ne8 13. Be2 Bxf3 14. Bxf3 Ne5
15. Be2 g5 16. Be3 f5 17. f3 f4 18. Bf2 Nf6 19. Bd3 Nfd7 20. Bb1 Rf7 21. Qc2
Nf8 22. Qe2 g4 23. Be4 h5 24. Nb1 Qg5 25. Nd2 g3 26. hxg3 fxg3 27. Be3 Qh4 28.
Nf1 Nfg6 29. Qc2 Nf4 30. Rad1 Raf8 31. b4 b6 32. bxc5 bxc5 33. Rd2 Ng4 34. Bg6
Rf6 35. Be4 Kh8 36. Qa4 R6f7 37. Qc6 Nxe3 38. Rxe3 Bd4 39. Rxd4 cxd4 40. Rb3
Ne2# 0-1

[Event "IX IBCA World Team Ch. for the Blind an"]
[Site "Ohrid, North Macedonia"]
[Date "2022.06.29"]
[Round "2.2"]
[White "Draghici Flutur, Gavril"]
[Black "Radovilsky, Yan"]
[Result "1-0"]
[WhiteElo "2100"]
[BlackElo "2094"]
[PlyCount "59"]
[EventDate "2022.06.28"]
[EventType "team"]
[EventRounds "7"]
[EventCountry "MKD"]
[WhiteTeam "Spain"]
[BlackTeam "Israel"]
[WhiteTeamCountry "ESP"]
[BlackTeamCountry "ISR"]

1. e4 c5 2. Nf3 e6 3. d4 cxd4 4. Nxd4 Nc6 5. Nc3 Qc7 6. Be2 a6 7. O-O Nf6 8.
Be3 Bb4 9. Nxc6 bxc6 10. Qd4 Bd6 11. h3 c5 12. Qc4 Rb8 13. f4 e5 14. Rad1 Rb4
15. Qd3 exf4 16. a3 Rxb2 17. Na4 Rb5 18. Qxd6 Qxd6 19. Rxd6 fxe3 20. Bxb5 Nxe4
21. Rd5 axb5 22. Re5+ Kf8 23. Nb6 Nd6 24. Rd1 Nc4 25. Nxc4 bxc4 26. Rxc5 e2 27.
Re1 Ke7 28. Rxe2+ Kd6 29. Rxc4 Ba6 30. Rd2+ 1-0

[Event "IX IBCA World Team Ch. for the Blind an"]
[Site "Ohrid, North Macedonia"]
[Date "2022.06.29"]
[Round "2.4"]
[White "Fernandez Manrique, Agustin"]
[Black "Agmon, Yonatan"]
[Result "1-0"]
[WhiteElo "2022"]
[BlackElo "1697"]
[PlyCount "69"]
[EventDate "2022.06.28"]
[EventType "team"]
[EventRounds "7"]
[EventCountry "MKD"]
[WhiteTeam "Spain"]
[BlackTeam "Israel"]
[WhiteTeamCountry "ESP"]
[BlackTeamCountry "ISR"]

1. c4 c5 2. Nc3 Nc6 3. g3 g6 4. Bg2 Bg7 5. a3 e6 6. b4 Nxb4 7. axb4 cxb4 8. d4
bxc3 9. e3 Ne7 10. Ne2 O-O 11. Nxc3 d6 12. O-O Qc7 13. Nb5 Qxc4 14. Nxd6 Qc7
15. Ba3 Rd8 16. Rc1 Nc6 17. Bxc6 bxc6 18. Nxc8 Raxc8 19. Qa4 e5 20. dxe5 Bxe5
21. Bc5 Ra8 22. Rb1 Rd5 23. Rfc1 Qc8 24. e4 Rd3 25. Be3 Qh3 26. Qxc6 Rad8 27.
Qc5 Bd6 28. Qxa7 Qg4 29. Re1 h5 30. Qa2 h4 31. Qe2 Qxe2 32. Rxe2 h3 33. Bg5 Be7
34. Bxe7 Rd1+ 35. Re1 1-0

[Event "IX IBCA World Team Ch. for the Blind an"]
[Site "Ohrid, North Macedonia"]
[Date "2022.06.29"]
[Round "2.1"]
[White "Dimic, Pavle"]
[Black "Mueller, Thorsten"]
[Result "1/2-1/2"]
[WhiteElo "2356"]
[BlackElo "2056"]
[PlyCount "68"]
[EventDate "2022.06.28"]
[EventType "team"]
[EventRounds "7"]
[EventCountry "MKD"]
[WhiteTeam "Serbia"]
[BlackTeam "Germany"]
[WhiteTeamCountry "SRB"]
[BlackTeamCountry "GER"]

1. d4 d5 2. c4 c6 3. Nc3 Nf6 4. e3 e6 5. Nf3 Nbd7 6. Be2 Bd6 7. O-O O-O 8. Qc2
e5 9. cxd5 cxd5 10. Nb5 Bb8 11. dxe5 Nxe5 12. Bd2 a6 13. Nbd4 Re8 14. Bb4 Bg4
15. Rfd1 Bd6 16. Qb3 Nc6 17. Bxd6 Qxd6 18. h3 Bd7 19. Rac1 Rab8 20. Bf1 g6 21.
Qb6 Qe7 22. Qc5 Rbc8 23. Qxe7 Nxe7 24. Rxc8 Rxc8 25. Ne5 Be8 26. g4 h5 27. g5
Ne4 28. h4 Kg7 29. Bh3 Rc7 30. Kg2 Ba4 31. b3 Be8 32. f3 Nd6 33. Kg3 Rc3 34.
Kf4 Nb5 1/2-1/2

[Event "IX IBCA World Team Ch. for the Blind an"]
[Site "Ohrid, North Macedonia"]
[Date "2022.06.29"]
[Round "2.2"]
[White "Dobierzin, Olaf"]
[Black "Jandric, Damjan"]
[Result "1-0"]
[WhiteElo "2007"]
[BlackElo "2145"]
[PlyCount "67"]
[EventDate "2022.06.28"]
[EventType "team"]
[EventRounds "7"]
[EventCountry "MKD"]
[WhiteTeam "Germany"]
[BlackTeam "Serbia"]
[WhiteTeamCountry "GER"]
[BlackTeamCountry "SRB"]

1. e4 c5 2. Nf3 d6 3. d4 cxd4 4. Nxd4 Nf6 5. Nc3 a6 6. Be2 e5 7. Nb3 Be7 8. O-O
O-O 9. Be3 Be6 10. Qd2 Nbd7 11. a4 Rc8 12. a5 Ng4 13. Bxg4 Bxg4 14. Nd5 Nf6 15.
Nxf6+ Bxf6 16. Qd3 Qc7 17. c3 Be6 18. Nd2 Qc6 19. Rfd1 Be7 20. Rac1 d5 21. exd5
Bxd5 22. f3 f5 23. c4 Be6 24. Qc3 Bf6 25. Qb4 Rfd8 26. b3 Rd3 27. Nf1 Rcd8 28.
Re1 R8d7 29. Bc5 f4 30. Rc2 Bf5 31. Rd2 e4 32. fxe4 Bc3 33. exf5 Bxb4 34. Re8+
1-0

[Event "IX IBCA World Team Ch. for the Blind an"]
[Site "Ohrid, North Macedonia"]
[Date "2022.06.29"]
[Round "2.3"]
[White "Janjic, Stefan"]
[Black "Schellmann, Frank"]
[Result "1/2-1/2"]
[WhiteElo "2144"]
[BlackElo "2009"]
[PlyCount "42"]
[EventDate "2022.06.28"]
[EventType "team"]
[EventRounds "7"]
[EventCountry "MKD"]
[WhiteTeam "Serbia"]
[BlackTeam "Germany"]
[WhiteTeamCountry "SRB"]
[BlackTeamCountry "GER"]

1. d4 Nf6 2. Nf3 g6 3. Bg5 Bg7 4. Nbd2 O-O 5. c3 d6 6. e4 c5 7. d5 e6 8. dxe6
Bxe6 9. Bc4 Re8 10. O-O Nbd7 11. Re1 Qc7 12. Bf4 Nh5 13. Bg3 Nxg3 14. hxg3 Nf6
15. e5 dxe5 16. Rxe5 Bxc4 17. Nxc4 Rad8 18. Qb3 Rxe5 19. Ncxe5 Ne4 20. Re1 Nd2
21. Nxd2 Rxd2 1/2-1/2

[Event "IX IBCA World Team Ch. for the Blind an"]
[Site "Ohrid, North Macedonia"]
[Date "2022.06.29"]
[Round "2.4"]
[White "Schulz, Gert"]
[Black "Bjelanovic, Mile"]
[Result "1-0"]
[WhiteElo "1931"]
[BlackElo "2015"]
[PlyCount "60"]
[EventDate "2022.06.28"]
[EventType "team"]
[EventRounds "7"]
[EventCountry "MKD"]
[WhiteTeam "Germany"]
[BlackTeam "Serbia"]
[WhiteTeamCountry "GER"]
[BlackTeamCountry "SRB"]

1. d4 Nf6 2. c4 d6 3. Nc3 Nbd7 4. Nf3 g6 5. e4 e5 6. Be2 Bg7 7. Bg5 O-O 8. d5
h6 9. Bh4 g5 10. Bg3 Nh5 11. O-O Nf4 12. Nd2 Nf6 13. Rb1 Nh7 14. Bg4 Bxg4 15.
Qxg4 h5 16. Qf5 Ng6 17. f3 Qf6 18. Qxf6 Nxf6 19. Bf2 g4 20. Be3 Kh7 21. b4 Bh6
22. Bxh6 Kxh6 23. c5 gxf3 24. Rxf3 Ne8 25. g3 h4 26. Ne2 hxg3 27. hxg3 a5 28.
Ra3 f5 29. bxa5 dxc5 30. Rxb7 Nd6 1-0

[Event "IX IBCA World Team Ch. for the Blind an"]
[Site "Ohrid, North Macedonia"]
[Date "2022.06.30"]
[Round "3.1"]
[White "Mueller, Thorsten"]
[Black "Cajzler, Hinko"]
[Result "1-0"]
[WhiteElo "2056"]
[BlackElo "2081"]
[PlyCount "82"]
[EventDate "2022.06.28"]
[EventType "team"]
[EventRounds "7"]
[EventCountry "MKD"]
[WhiteTeam "Germany"]
[BlackTeam "Croatia"]
[WhiteTeamCountry "GER"]
[BlackTeamCountry "CRO"]

1. d4 f5 2. Nf3 Nf6 3. Bf4 g6 4. e3 Bg7 5. h3 d6 6. Nbd2 O-O 7. Bc4+ e6 8. c3
Qe7 9. Qe2 Nc6 10. Bb3 a5 11. a4 Kh8 12. Bg5 h6 13. Bxf6 Bxf6 14. e4 e5 15. d5
Nd8 16. Bc2 f4 17. Bd3 Bd7 18. O-O g5 19. Rfc1 g4 20. hxg4 Bxg4 21. b4 Rg8 22.
Kf1 Rg6 23. Ke1 Qf7 24. b5 b6 25. Kd1 Bh5 26. Kc2 Rxg2 27. Rh1 Qg6 28. Nxe5
Bxe5 29. Rxh5 Nf7 30. Rah1 Qg7 31. Nb1 Rg5 32. Qf3 Rg8 33. Qh3 Rg6 34. Nd2 Rg2
35. Qf3 Bxc3 36. Bf1 Bxd2 37. Qxg2 Qxg2 38. Bxg2 Bb4 39. Bh3 Ng5 40. Rxh6+ Kg7
41. Bf5 Kf7 1-0

[Event "IX IBCA World Team Ch. for the Blind an"]
[Site "Ohrid, North Macedonia"]
[Date "2022.06.30"]
[Round "3.2"]
[White "Culjak, Miso"]
[Black "Schellmann, Frank"]
[Result "1-0"]
[WhiteElo "1675"]
[BlackElo "2009"]
[PlyCount "75"]
[EventDate "2022.06.28"]
[EventType "team"]
[EventRounds "7"]
[EventCountry "MKD"]
[WhiteTeam "Croatia"]
[BlackTeam "Germany"]
[WhiteTeamCountry "CRO"]
[BlackTeamCountry "GER"]

1. Nf3 f5 2. d4 Nf6 3. c4 g6 4. Nc3 d6 5. e3 Bg7 6. b4 O-O 7. Be2 c5 8. a3 Ne4
9. Bb2 Nxc3 10. Bxc3 e6 11. O-O Qe7 12. Re1 Nd7 13. Rc1 b6 14. Qb3 e5 15. dxe5
dxe5 16. Qb2 e4 17. Bxg7 Qxg7 18. Qxg7+ Kxg7 19. Nd2 a5 20. b5 Ne5 21. f4 Nf7
22. Nb1 Be6 23. Red1 Rfd8 24. Nc3 Rd6 25. Rxd6 Nxd6 26. Nd5 Bxd5 27. cxd5 Rc8
28. a4 Kf6 29. Kf2 c4 30. Ke1 Rc5 31. Rc2 c3 32. g4 g5 33. h3 h6 34. Kf2 Nc8
35. gxf5 Ne7 36. d6 Nd5 37. Bg4 h5 38. fxg5+ 1-0